[Event "EU-chT Seniors 04th"]
[Site "Dresden"]
[Date "2002.02.25"]
[Round "1.3"]
[White "Rahls, Peter"]
[Black "Beckel, Friedrich"]
[Result "1-0"]
[WhiteElo "2254"]
[BlackElo "2031"]
[EventDate "2002.02.25"]
[PlyCount "76"]

1.e4 c5 2.c3 Nf6 3.e5 Nd5 4.d4 cxd4 5.cxd4 e6 6.Nc3 Nxc3 7.bxc3 Qc7 8.Bd2 
b6 9.f4 Be7 10.Nf3 O-O 11.Bd3 f5 12.exf6 gxf6 13.O-O f5 14.Ng5 Bxg5 15.
fxg5 d6 16.Rf3 Nc6 17.Rh3 Ne7 18.Rh6 Ng6 19.h4 Qc6 20.Rxh7 Bb7 21.Rxb7 
Nxh4 22.Bf1 Qxb7 23.Qe1 Ng6 24.Qxe6+ Kg7 25.Qxd6 Rad8 26.Qg3 Qd5 27.Bd3 
Rde8 28.Rf1 Qxa2 29.Qf3 Rh8 30.Qxf5 Qe6 31.Qf6+ Qxf6 32.gxf6+ Kf7 33.Bc4+ 
Kf8 34.Rf3 Nh4 35.Rf4 Rc8 36.Ba2 Rc7 37.Rg4 a5 38.Bh6+ Ke8 1-0

[Event "EU-chT Seniors 04th"]
[Site "Dresden"]
[Date "2002.02.25"]
[Round "1.3"]
[White "Weise, Wolfgang"]
[Black "Neudel, Bernd"]
[Result "1-0"]
[WhiteElo "2198"]
[BlackElo "1767"]
[EventDate "2002.02.25"]
[PlyCount "103"]

1.d4 d5 2.Nf3 Nf6 3.g3 g6 4.Bg2 Bg7 5.c4 e6 6.Nbd2 c6 7.O-O O-O 8.b3 Nbd7 
9.Ba3 Re8 10.Bd6 Ne4 11.Nxe4 dxe4 12.Ne5 f6 13.Nxd7 Qxd7 14.c5 f5 15.f3 
exf3 16.Bxf3 e5 17.e3 e4 18.Be2 Qd8 19.Rb1 Be6 20.Bc4 Qd7 21.Qe2 b5 22.d5 
bxc4 23.dxe6 Qxe6 24.Qxc4 Bf8 25.Rfd1 Rad8 26.Kf2 Qxc4 27.bxc4 Re6 28.Rb7 
Bxd6 29.cxd6 Rexd6 30.Rxd6 Rxd6 31.Ke2 Rd3 32.Rxa7 Rc3 33.Kd2 Rxc4 34.a4 
Rb4 35.Kc3 Rb8 36.a5 Rd8 37.a6 Rd3+ 38.Kb4 Rxe3 39.Rb7 Re1 40.a7 Ra1 41.
Rb8+ Kg7 42.a8=Q Rxa8 43.Rxa8 Kf6 44.Kc5 g5 45.Rf8+ Ke5 46.Re8+ Kf6 47.
Kxc6 f4 48.Rxe4 f3 49.Re8 Kf5 50.Kd5 h5 51.Rf8+ Kg4 52.Ke4 1-0

[Event "EU-chT Seniors 04th"]
[Site "Dresden"]
[Date "2002.02.25"]
[Round "1.4"]
[White "Flockhart, Hugh"]
[Black "Groiss, Karl"]
[Result "1-0"]
[WhiteElo "1584"]
[BlackElo "1821"]
[EventDate "2002.02.25"]
[PlyCount "120"]

1.e4 c5 2.Nf3 e6 3.c3 Nf6 4.Bd3 d5 5.e5 Nfd7 6.Bc2 Nc6 7.d4 cxd4 8.cxd4 
Bb4+ 9.Nc3 Nb6 10.O-O Be7 11.Ne2 Bd7 12.b3 O-O 13.Ng3 g6 14.Bh6 Re8 15.Qd2
f5 16.exf6 Bxf6 17.Rfe1 Qe7 18.Rad1 Bg7 19.Bg5 Qf7 20.h4 Rf8 21.Bh6 Rae8 
22.h5 Bxh6 23.Qxh6 Qg7 24.Qg5 Qf6 25.hxg6 Qxg5 26.gxh7+ Kh8 27.Nxg5 Re7 
28.Re3 Nd8 29.Rde1 Rg7 30.Nf3 Be8 31.Ne5 Nd7 32.Rf3 Rxf3 33.Nxf3 Nf6 34.
Re5 Nxh7 35.Nh5 Rc7 36.Bxh7 Rxh7 37.Nf6 Re7 38.Nxd5 Rg7 39.Ne3 Bc6 40.Rh5+
Kg8 41.Rg5 Rxg5 42.Nxg5 Bb5 43.Nc4 Bc6 44.f3 Bd5 45.Kf2 Kg7 46.Kg3 Nc6 47.
Ne3 Nxd4 48.Nxd5 exd5 49.f4 Ne2+ 50.Kf3 Nc1 51.Ne6+ Kf6 52.Nc7 d4 53.Nb5 
d3 54.Ke3 Ne2 55.f5 a6 56.Nd6 b5 57.Ne4+ Ke7 58.g4 Nc1 59.g5 Nxa2 60.Kxd3 
Nb4+ 1-0

[Event "EU-chT Seniors 04th"]
[Site "Dresden"]
[Date "2002.02.25"]
[Round "1.4"]
[White "Harzer, Paul"]
[Black "Winiwarter, Felix"]
[Result "1-0"]
[WhiteElo "2015"]
[BlackElo "2188"]
[EventDate "2002.02.25"]
[PlyCount "57"]

1.d4 Nf6 2.Nf3 g6 3.Bg5 Bg7 4.Nbd2 d5 5.e3 O-O 6.Bd3 b6 7.O-O Nbd7 8.Qe2 
c5 9.c3 Bb7 10.Rad1 Re8 11.Ne5 Nxe5 12.dxe5 Nd7 13.f4 f6 14.Bh4 fxe5 15.f5
Nf8 16.Bb5 gxf5 17.Bxe8 Qxe8 18.Rxf5 Ng6 19.Bg3 Qa4 20.Rf2 Rd8 21.b3 Qxa2 
22.Qh5 Qc2 23.Rdf1 Qxc3 24.Nf3 Qxe3 25.Ng5 Nf8 26.Kh1 Qd3 27.Qf7+ Kh8 28.
Qxe7 Rb8 29.Rxf8+ 1-0

[Event "EU-chT Seniors 04th"]
[Site "Dresden"]
[Date "2002.02.25"]
[Round "1.4"]
[White "Mauersberger, Hermann"]
[Black "Brameyer, Hermann"]
[Result "1/2-1/2"]
[WhiteElo "2010"]
[BlackElo "2225"]
[EventDate "2002.02.25"]
[PlyCount "86"]

1.b4 c6 2.Bb2 Qb6 3.a3 a5 4.c4 axb4 5.c5 Qc7 6.axb4 Rxa1 7.Bxa1 d6 8.d4 
Nf6 9.Nc3 b6 10.cxd6 Qxd6 11.b5 cxb5 12.e3 Qb4 13.Bxb5+ Bd7 14.Bxd7+ Nbxd7
15.Ne2 e6 16.O-O Be7 17.e4 O-O 18.e5 Ne8 19.Nf4 Nc7 20.Qd3 Nxe5 21.dxe5 
Qxf4 22.Qd7 Bd8 23.Rd1 h5 24.Na4 Nd5 25.Nc3 Nxc3 26.Bxc3 Qc4 27.Rc1 Bg5 
28.Bd2 Qg4 29.h3 Qf5 30.Bxg5 Qxg5 31.Qc7 Rd8 32.f4 Qh4 33.Qxb6 Rd2 34.Qe3 
Qd8 35.Rf1 Qd5 36.Rf2 Rd1+ 37.Rf1 Rd3 38.Qe2 g6 39.Qf2 Rd2 40.Qf3 Qd4+ 41.
Kh2 Kg7 42.Qg3 Qd3 43.Qxd3 Rxd3 1/2-1/2

[Event "EU-chT Seniors 04th"]
[Site "Dresden"]
[Date "2002.02.25"]
[Round "1.4"]
[White "Mueckan, Friedbert"]
[Black "Zanger, Konrad"]
[Result "1-0"]
[WhiteElo "2000"]
[BlackElo "1695"]
[EventDate "2002.02.25"]
[PlyCount "122"]

1.e4 g6 2.d4 Bg7 3.Nf3 d6 4.Be2 Nf6 5.Nc3 O-O 6.O-O Nbd7 7.h3 b6 8.Re1 Bb7
9.Bc4 e6 10.Bb3 c6 11.Bg5 Qc7 12.e5 dxe5 13.dxe5 Nd5 14.Bxd5 cxd5 15.Be7 
Rfc8 16.Bd6 Qc4 17.Nd4 a6 18.Re3 Re8 19.Nce2 a5 20.a4 Qa6 21.Nb5 Rac8 22.
Nc7 Rxc7 23.Bxc7 Nc5 24.Qd4 Rc8 25.Bd6 Ne4 26.Ba3 Rc4 27.Qd1 Qa8 28.f3 Bh6
29.Rd3 Nc5 30.Bxc5 bxc5 31.b3 Rb4 32.Kh1 Ba6 33.c4 d4 34.Ng3 Bb7 35.Ne2 
Be3 36.Nc3 Bc6 37.Nb5 Bf4 38.Qe2 Qb8 39.Re1 Bg3 40.Red1 Bxe5 41.Qc2 Bg7 
42.Qf2 e5 43.Re1 f6 44.Qh4 h6 45.Qg4 Kh7 46.Qe6 Qe8 47.Nc7 Qd7 48.Qxd7 
Bxd7 49.Na6 Rb8 {Nicht nachvollziehbar ab 50. Zug} 50.Nxb8 Bf5 51.Rdd1 h5 
52.Na6 Bc2 53.Nxc5 Bf8 54.Ne4 Bxb3 55.Rc1 Bxa4 56.Nxf6+ Kg7 57.Ne4 Bc6 58.
Nd2 Ba3 59.Rb1 Bb4 60.Rxe5 d3 61.Re3 Bxd2 1-0

[Event "EU-chT Seniors 04th"]
[Site "Dresden"]
[Date "2002.02.25"]
[Round "1.4"]
[White "Ofstad, Per"]
[Black "Daniel, Wolfgang"]
[Result "1-0"]
[WhiteElo "2196"]
[BlackElo "1871"]
[EventDate "2002.02.25"]
[PlyCount "81"]

1.e4 e5 2.Nf3 Nf6 3.d4 Nxe4 4.Bd3 d5 5.Nxe5 Bd6 6.O-O O-O 7.c4 Nc6 8.Nxc6 
bxc6 9.Nd2 Nxd2 10.Qxd2 Qf6 11.c5 Be7 12.Re1 Re8 13.Qf4 Be6 14.Bd2 Qxf4 
15.Bxf4 Bf6 16.Be3 Rab8 17.Re2 g6 18.Rb1 Kg7 19.h3 h5 20.b4 Bf5 21.Rd2 
Bxd3 22.Rxd3 a5 23.Rdb3 a4 24.Rd3 g5 25.g3 Kg6 26.Kg2 Bg7 27.g4 hxg4 28.
hxg4 f5 29.gxf5+ Kxf5 30.Ra3 Ra8 31.b5 Reb8 32.b6 cxb6 33.cxb6 Ra6 34.b7 
Bf8 35.Rc3 Be7 36.Bc1 Ke6 37.Rh3 Ra7 38.Rh6+ Kd7 39.Rb6 c5 40.dxc5 Bxc5 
41.Rh7+ 1-0

[Event "EU-chT Seniors 04th"]
[Site "Dresden"]
[Date "2002.02.25"]
[Round "1.4"]
[White "Prelovskij, Rudolf"]
[Black "Petzold, Hans"]
[Result "1-0"]
[WhiteElo "2208"]
[BlackElo "1898"]
[EventDate "2002.02.25"]
[PlyCount "75"]

1.c4 e5 2.Nc3 Nc6 3.Nf3 g6 4.g3 Bg7 5.Bg2 d6 6.O-O Nge7 7.e3 O-O 8.d4 exd4
9.Nxd4 Re8 10.a3 Bd7 11.h3 Rb8 12.g4 Nxd4 13.exd4 f5 14.d5 Qc8 15.f3 a6 
16.Be3 c5 17.Rc1 b5 18.cxb5 axb5 19.b4 Kh8 20.Qd2 Ng8 21.Ne2 Qa6 22.bxc5 
dxc5 23.Bxc5 b4 24.Nd4 bxa3 25.Ra1 Qc4 26.Rfc1 Qxd5 27.Rxa3 f4 28.Rd3 Re3 
29.Rxe3 fxe3 30.Qxe3 Rb2 31.Ne2 Qa2 32.Bf1 Rb3 33.Qf4 Qb2 34.Bd4 Bxd4+ 35.
Nxd4 Rb6 36.Rc7 g5 37.Qe5+ Nf6 38.Rxd7 1-0

[Event "EU-chT Seniors 04th"]
[Site "Dresden"]
[Date "2002.02.25"]
[Round "1.4"]
[White "Shabanov, Yuri"]
[Black "Neubert, Gerhard"]
[Result "1-0"]
[WhiteElo "2500"]
[BlackElo "1876"]
[EventDate "2002.02.25"]
[PlyCount "77"]

1.e4 c5 2.Nf3 e6 3.d4 cxd4 4.Nxd4 Nf6 5.Nc3 Bb4 6.Bd3 Nc6 7.Ne2 d5 8.O-O 
dxe4 9.Nxe4 Nxe4 10.Bxe4 Qxd1 11.Rxd1 e5 12.c3 Be7 13.Ng3 O-O 14.Nf5 Bxf5 
15.Bxf5 Rfd8 16.Be3 Rxd1+ 17.Rxd1 Rd8 18.Rxd8+ Bxd8 19.Bd7 Nb8 20.Ba4 b6 
21.Kf1 Kf8 22.Ke2 Ke7 23.Kd3 Na6 24.b4 Kd6 25.Ke4 Nc7 26.f4 f6 27.Bb3 Ne6 
28.fxe5+ fxe5 29.Bxe6 Kxe6 30.a4 Be7 31.Bf2 g6 32.Be1 Bd6 33.c4 Be7 34.b5 
Bc5 35.Bc3 Bd6 36.a5 Bc7 37.a6 Bd6 38.h3 Bc7 39.Be1 1-0

[Event "EU-chT Seniors 04th"]
[Site "Dresden"]
[Date "2002.02.25"]
[Round "1.4"]
[White "Tochtermann, Georg"]
[Black "Neese, Hans Joachim"]
[Result "0-1"]
[WhiteElo "1875"]
[BlackElo "2136"]
[EventDate "2002.02.25"]
[PlyCount "106"]

1.e4 c5 2.Nc3 Nc6 3.g3 g6 4.Bg2 Bg7 5.Nge2 d6 6.O-O a6 7.d3 Nf6 8.h3 O-O 
9.f4 e6 10.g4 h6 11.Be3 Qe7 12.Ng3 Bd7 13.Qd2 Rad8 14.Rae1 Kh7 15.Qf2 b6 
16.f5 Ng8 17.Kh2 Nd4 18.Bf4 Bc6 19.e5 dxe5 20.Bxe5 Bxe5 21.Rxe5 Qc7 22.
Ree1 exf5 23.Bxc6 Nxc6 24.gxf5 Nf6 25.Qf4 Qxf4 26.Rxf4 g5 27.Rf2 Rd4 28.
Nge4 Nxe4 29.Rxe4 Rfd8 30.Rxd4 Rxd4 31.Ne2 Rd5 32.Ng3 Nd4 33.Kg2 Re5 34.c3
Nc6 35.Ne4 Kg7 36.Kg3 Rd5 37.f6+ Kg6 38.Rd2 Ne5 39.d4 Nc4 40.Re2 cxd4 41.
cxd4 Rxd4 42.b3 Nd6 43.Nf2 h5 44.Rc2 Ne4+ 45.Kf3 Nxf2 46.Kxf2 Rd6 47.a4 
Rxf6+ 48.Ke3 Re6+ 49.Kd4 f5 50.Kd5 Rf6 51.b4 f4 52.b5 axb5 53.axb5 f3 0-1

[Event "EU-chT Seniors 04th"]
[Site "Dresden"]
[Date "2002.04.25"]
[Round "1.4"]
[White "MacDonald Ross, Michael"]
[Black "Gruenig, Siegfried"]
[Result "1-0"]
[WhiteElo "2170"]
[BlackElo "1792"]
[EventDate "2002.02.25"]
[PlyCount "55"]

1.d4 Nf6 2.Nf3 e6 3.e3 b6 4.Bd3 Bb7 5.O-O Be7 6.c4 O-O 7.Nc3 d5 8.b3 Nbd7 
9.Bb2 c5 10.Rc1 Re8 11.Qe2 Qb8 12.Rfd1 a6 13.Bb1 Ra7 14.Ne5 dxc4 15.bxc4 
cxd4 16.exd4 Qa8 17.Nxd7 Nxd7 18.d5 exd5 19.Nxd5 Bxd5 20.cxd5 Bd6 21.Qc2 
Nf8 22.Qf5 Rae7 23.g3 Qb8 24.Kf1 Bc5 25.Bd3 Qb7 26.Re1 Bb4 27.Rxe7 Rxe7 
28.Qg4 1-0

[Event "EU-chT Seniors 04th"]
[Site "Dresden"]
[Date "2002.02.26"]
[Round "2.1"]
[White "Boehnisch, Manfred"]
[Black "Baumbach, Friedrich"]
[Result "1/2-1/2"]
[WhiteElo "2354"]
[BlackElo "2323"]
[EventDate "2002.02.25"]
[PlyCount "57"]

1.e4 c5 2.b3 Nf6 3.e5 Nd5 4.c4 Nc7 5.Bb2 Nc6 6.Nf3 g6 7.d4 cxd4 8.Nxd4 Bg7
9.Nxc6 bxc6 10.Qe2 Bb7 11.Nc3 Ne6 12.Ne4 Qc7 13.Nd2 O-O 14.h4 d6 15.exd6 
exd6 16.Bxg7 Kxg7 17.Nf3 Qa5+ 18.Qd2 Qxd2+ 19.Kxd2 c5 20.Ng5 Nxg5 21.hxg5 
Rfe8 22.Rh2 Re5 23.f4 Re4 24.g3 Rae8 25.Re2 f6 26.Rxe4 Rxe4 27.Bd3 Re7 28.
gxf6+ Kxf6 29.Rf1 1/2-1/2

[Event "EU-chT Seniors 04th"]
[Site "Dresden"]
[Date "2002.02.26"]
[Round "2.1"]
[White "Denda, Ronald"]
[Black "Eiselt, Peter"]
[Result "1-0"]
[WhiteElo "1976"]
[BlackElo "1832"]
[EventDate "2002.02.25"]
[PlyCount "123"]

1.e4 c5 2.c3 d5 3.exd5 Qxd5 4.d4 e6 5.Nf3 Nf6 6.Be2 Nc6 7.O-O cxd4 8.cxd4 
Be7 9.Nc3 Qd8 10.Bf4 a6 11.Rc1 O-O 12.Qd2 Qa5 13.Rfd1 Rd8 14.Qe3 Nb4 15.
Bc4 Nbd5 16.Bxd5 Nxd5 17.Nxd5 Qxd5 18.b3 Bd7 19.Rc7 Rac8 20.Rdc1 Ba3 21.
R1c2 Bc6 22.Rxc8 Rxc8 23.Qe5 Rd8 24.Qxd5 Bxd5 25.Nd2 Bc6 26.Be3 Be7 27.Nc4
Bf6 28.Rd2 g6 29.f3 Bg7 30.Kf2 f6 31.Ke2 Kf7 32.h4 h5 33.Bf4 Ke7 34.Ke3 
Bd7 35.Nb6 Bc6 36.Bc7 Re8 37.f4 Bh6 38.g3 g5 39.hxg5 fxg5 40.Rh2 gxf4+ 41.
Bxf4 Rh8 42.Nc8+ Kf6 43.Nd6 Bxf4+ 44.Kxf4 Kg6 45.Ke5 Bd5 46.Rf2 Rh7 47.
Rf6+ Kg5 48.Rf4 Kg6 49.Ne4 Rc7 50.Nc5 Kg5 51.Nxe6+ Bxe6 52.Kxe6 Rc3 53.d5 
Rxg3 54.Rd4 Re3+ 55.Kf7 Rf3+ 56.Kg7 Rc3 57.d6 Rc8 58.Kf7 h4 59.d7 Rc7 60.
Ke8 Rxd7 61.Kxd7 h3 62.Kc7 1-0

[Event "EU-chT Seniors 04th"]
[Site "Dresden"]
[Date "2002.02.26"]
[Round "2.1"]
[White "Ehlert, Joachim"]
[Black "Zingler, Max"]
[Result "0-1"]
[WhiteElo "1756"]
[BlackElo "2089"]
[EventDate "2002.02.25"]
[PlyCount "46"]

1.e4 e6 2.d4 d5 3.Nd2 c5 4.exd5 Qxd5 5.dxc5 Bxc5 6.Ngf3 Nf6 7.Bc4 Qc6 8.
O-O O-O 9.Qe2 Nbd7 10.Nb3 Bd6 11.Rd1 a6 12.Nbd4 Qc7 13.Nxe6 fxe6 14.Qxe6+ 
Kh8 15.Ng5 Ne5 16.Qxd6 Qxd6 17.Rxd6 Nxc4 18.Rd4 Ne5 19.Bf4 Nc6 20.Rdd1 h6 
21.Bd6 Re8 22.Nf3 Bg4 23.Rd3 Rad8 0-1

[Event "EU-chT Seniors 04th"]
[Site "Dresden"]
[Date "2002.02.26"]
[Round "2.1"]
[White "Eskandary, Jahja"]
[Black "Uhlmann, Wolfgang"]
[Result "0-1"]
[WhiteElo "2127"]
[BlackElo "2458"]
[EventDate "2002.02.25"]
[PlyCount "62"]

1.e4 e6 2.Ne2 d5 3.exd5 exd5 4.Ng3 Bd6 5.d4 Qh4 6.Nc3 c6 7.Qd3 Nf6 8.Nf5 
Bxf5 9.Qxf5 O-O 10.Be3 Re8 11.O-O-O Qg4 12.Bd3 Nbd7 13.h3 Qxf5 14.Bxf5 g6 
15.Bd3 Re7 16.Bg5 Rae8 17.Kd2 Bb4 18.f3 c5 19.Kc1 c4 20.Bf1 Bxc3 21.bxc3 
Re6 22.g4 Ra6 23.Kb1 Ree6 24.Bc1 Nb6 25.Rh2 Na4 26.Bd2 Ne8 27.Ka1 Nc7 28.
Rb1 Rab6 29.Rxb6 Rxb6 30.Re2 Nb5 31.Re3 Na3 0-1

[Event "EU-chT Seniors 04th"]
[Site "Dresden"]
[Date "2002.02.26"]
[Round "2.1"]
[White "Johannessen, Svein"]
[Black "Biebinger, Gerhard"]
[Result "1/2-1/2"]
[WhiteElo "2279"]
[BlackElo "2383"]
[EventDate "2002.02.25"]
[PlyCount "63"]

1.Nf3 Nf6 2.b3 d5 3.Bb2 Bf5 4.Nh4 Bd7 5.g3 c5 6.Bg2 e6 7.d3 Bc6 8.O-O Be7 
9.Nd2 d4 10.e4 dxe3 11.fxe3 Bxg2 12.Nxg2 Nc6 13.Nf4 O-O 14.e4 e5 15.Ng2 
Ne8 16.Nc4 f6 17.Nce3 Nc7 18.c4 Qd7 19.Nd5 Nxd5 20.cxd5 Nd4 21.Ne3 b5 22.
Rf2 a6 23.Bxd4 cxd4 24.Nf5 Ba3 25.Qf3 Rac8 26.Raf1 Kh8 27.g4 Bc1 28.Kh1 g6
29.Nh4 Bf4 30.Ng2 g5 31.Nxf4 gxf4 32.Rg2 1/2-1/2

[Event "EU-chT Seniors 04th"]
[Site "Dresden"]
[Date "2002.02.26"]
[Round "2.1"]
[White "Neukirch, Detlef"]
[Black "Schmidt, Gerhard"]
[Result "1/2-1/2"]
[WhiteElo "2295"]
[BlackElo "2219"]
[EventDate "2002.02.25"]
[PlyCount "82"]

1.e4 c5 2.Nf3 d6 3.d4 cxd4 4.Nxd4 Nf6 5.Nc3 a6 6.Be2 e5 7.Nb3 Be7 8.O-O 
O-O 9.Kh1 Nbd7 10.a4 Qc7 11.Be3 b6 12.Qd2 Bb7 13.f3 Rfd8 14.Rfd1 $146 
    ( 14.Nd5 Nxd5 15.exd5 Rdc8 16.c4 a5 17.f4 Bf6 18.fxe5 Bxe5 19.Nd4 Nc5 
    20.Ra3 Re8 21.Bg4 Qd8 22.Bg1 Qh4 23.Bf5 Ne4 24.Bxe4 Qxe4 25.Raf3 f6 
    26.b3 Rab8 27.Nf5 Qg4 28.h3 Qg6 {Vogt,L-Tringov,G/Zinnowitz 
    1982/MCD/1/2-1/2 (73)} )
14...Nc5 15.Nxc5 dxc5 16.Qe1 Rxd1 17.Rxd1 Rd8 18.Rxd8+ Qxd8 19.Qf1 Qc8 20.
Bc4 h6 21.Qd3 Qa8 22.Kg1 Kf8 23.Kf2 Kg8 24.Ne2 Ne8 25.Qd7 Kf8 26.Ng3 Qc8 
27.Qd3 Nd6 28.Bd5 Qa8 29.Bxb7 Qxb7 30.a5 $6 
    ( 30.Ke2 )
30...bxa5 31.Bxc5 $2 
    ( 31.Qc3 Qb4 32.Qxe5 f6 33.Qxc5 Qxb2 34.Qc7 $11 )
31...Qxb2 $1 32.Nf5 Nxe4+ 33.Qxe4 
    ( 33.fxe4 Bxc5+ 34.Kf3 Qa3 35.c3 Kg8 $19 )
33...Bxc5+ 34.Kg3 Qb8 35.Qd5 Bb4 36.c3 Be7 37.Qxa5 Bg5 38.Qxa6 e4+ 39.Qd6+
Qxd6+ 40.Nxd6 exf3 $2 
    ( 40...e3 $1 41.f4 Bxf4+ 42.Kf3 Bxd6 $19 )
41.Kxf3 Bf6 1/2-1/2

[Event "EU-chT Seniors 04th"]
[Site "Dresden"]
[Date "2002.02.26"]
[Round "2.1"]
[White "Toothill, John"]
[Black "Just, Joachim"]
[Result "1/2-1/2"]
[WhiteElo "2192"]
[BlackElo "2198"]
[EventDate "2002.02.25"]
[PlyCount "42"]

1.e4 e6 2.d4 d5 3.Nc3 Bb4 4.exd5 exd5 5.Bd3 Nc6 6.Ne2 Nge7 7.O-O Bf5 8.Ng3
Bxd3 9.Qxd3 Qd7 10.Bf4 O-O 11.Nce2 Rfe8 12.c3 Bd6 13.Qf3 Nd8 14.Bxd6 Qxd6 
15.Nf4 Ne6 16.Nd3 Rad8 17.Rad1 b6 18.Rfe1 Ng5 19.Qg4 h6 20.h4 Nh7 21.h5 
Qf6 1/2-1/2

[Event "EU-chT Seniors 04th"]
[Site "Dresden"]
[Date "2002.02.26"]
[Round "2.1"]
[White "Turikov, Viktor"]
[Black "Hecht, Hans Joachim"]
[Result "1/2-1/2"]
[WhiteElo "2351"]
[BlackElo "2411"]
[EventDate "2002.02.25"]
[PlyCount "74"]

1.d4 Nf6 2.c4 e6 3.Nf3 Bb4+ 4.Bd2 Qe7 5.a3 Bxd2+ 6.Nbxd2 d6 7.e4 e5 8.d5 
O-O 9.Bd3 Nh5 10.g3 g6 11.Nh4 Ng7 12.Ng2 f5 13.O-O Nd7 14.b4 Nf6 15.f3 
fxe4 16.fxe4 Bh3 17.Be2 c6 18.Qb3 cxd5 19.cxd5 Ng4 20.Bxg4 Bxg4 21.Qe3 
Rxf1+ 22.Rxf1 Nh5 23.Rc1 Nf6 24.Ne1 Qd8 25.Nd3 Bd7 26.Nf2 a5 27.Nc4 axb4 
28.axb4 Ng4 29.Nxg4 Bxg4 30.Na5 Rc8 31.Kg2 Qd7 32.Rxc8+ Qxc8 33.Qd2 Qf8 
34.Qc3 h5 35.h3 Bxh3+ 36.Kxh3 Qf1+ 37.Kh2 Qf2+ 1/2-1/2

[Event "EU-chT Seniors 04th"]
[Site "Dresden"]
[Date "2002.02.26"]
[Round "2.1"]
[White "Vasiukov, Evgeni"]
[Black "Littlewood, John Eric"]
[Result "1-0"]
[WhiteElo "2524"]
[BlackElo "2305"]
[EventDate "2002.02.25"]
[PlyCount "57"]

1.e4 e5 2.Nf3 d6 3.d4 exd4 4.Qxd4 Nf6 5.Nc3 Be7 6.Bg5 h6 7.Bf4 O-O 8.O-O-O
Re8 9.Qd2 Bf8 10.e5 Nh5 11.Be3 Nc6 12.exd6 cxd6 13.h3 Nf6 14.g4 d5 15.g5 
Ne4 16.Nxe4 dxe4 17.Qxd8 Nxd8 18.Bb5 Nc6 19.Nd4 Bd7 20.gxh6 g6 21.Nxc6 
Bxc6 22.Bxc6 bxc6 23.Rd7 Re7 24.Rhd1 a5 25.Rxe7 Bxe7 26.Rd7 Bh4 27.Rc7 g5 
28.Kd1 Rd8+ 29.Ke2 1-0

[Event "EU-chT Seniors 04th"]
[Site "Dresden"]
[Date "2002.02.26"]
[Round "2.1"]
[White "Weber, Bernd"]
[Black "Stavenhagen, Johannes"]
[Result "1-0"]
[WhiteElo "2119"]
[BlackElo "1849"]
[EventDate "2002.02.25"]
[PlyCount "120"]

1.d4 Nf6 2.Nf3 e6 3.c4 b6 4.Nc3 Bb7 5.e3 Bb4 6.Bd3 c5 7.O-O Bxc3 8.bxc3 d6
9.Qe2 Be4 10.Bxe4 Nxe4 11.Ne1 Qd7 12.Qd3 f5 13.f3 Nf6 14.e4 Nc6 15.Bg5 O-O
16.Nc2 h6 17.Bxf6 Rxf6 18.Rfd1 Rd8 19.exf5 Rxf5 20.Rd2 Qf7 21.Re1 Rf8 22.
Qe4 Nd8 23.Rde2 Rf4 24.Qd3 Qh5 25.Re4 Qg5 26.Rxf4 Qxf4 27.Na3 Nc6 28.Nc2 
Nd8 29.Qe3 Qf5 30.Qe4 Qg5 31.Qe3 Qf5 32.Na3 cxd4 33.cxd4 a6 34.Qb3 Qa5 35.
Rb1 Kh8 36.Qb4 Qxb4 37.Rxb4 b5 38.cxb5 axb5 39.Nxb5 d5 40.Nc7 Rf7 41.Nb5 
Rb7 42.a4 Nc6 43.Rb3 Na5 44.Re3 Rb6 45.Nc7 Rb4 46.Nxe6 Rxa4 47.Re5 Ra1+ 
48.Kf2 Ra2+ 49.Kg3 Nc4 50.Rxd5 Ne3 51.Rd8+ Kh7 52.h4 g6 53.Rd7+ Kh8 54.Kf4
Nxg2+ 55.Ke5 Ra1 56.d5 Nxh4 57.f4 Nf5 58.Kf6 Rg1 59.Nd8 Rf1 60.Kxg6 Ne7+ 
1-0

[Event "EU-chT Seniors 04th"]
[Site "Dresden"]
[Date "2002.02.26"]
[Round "2.1"]
[White "Wunderer, Eckart"]
[Black "Rosen, Willy"]
[Result "0-1"]
[WhiteElo "2190"]
[BlackElo "2345"]
[EventDate "2002.02.25"]
[PlyCount "44"]

1.e4 c5 2.Nf3 Nc6 3.c3 Nf6 4.e5 Nd5 5.d4 cxd4 6.cxd4 d6 7.exd6 Qxd6 8.Be2 
g6 9.O-O Bg7 10.Nc3 O-O 11.Qb3 Be6 12.Ne4 Qb4 13.Ne5 Nf4 14.Qe3 Nxe2+ 15.
Qxe2 Bc4 16.Nd3 Qb5 17.Rd1 Rad8 18.Be3 e5 19.a4 Qa6 20.Ng5 Nxd4 21.Bxd4 
Rxd4 22.Ra3 e4 0-1

[Event "EU-chT Seniors 04th"]
[Site "Dresden"]
[Date "2002.02.26"]
[Round "2.2"]
[White "Andrich, Hans Ludwig"]
[Black "Schwertel, Hans"]
[Result "0-1"]
[WhiteElo "1692"]
[BlackElo "2073"]
[EventDate "2002.02.25"]
[PlyCount "86"]

1.d4 d5 2.c4 c6 3.Nf3 Nf6 4.Nc3 Bf5 5.cxd5 Nxd5 6.Qb3 Bc8 7.e4 Nxc3 8.Qxc3
Nd7 9.Bd3 Nf6 10.Bg5 h6 11.Bh4 g5 12.Bg3 Bg7 13.Be5 O-O 14.h3 Ne8 15.Bxg7 
Nxg7 16.g4 Qd6 17.e5 Qd5 18.Bc2 Be6 19.Qd3 f5 20.h4 Qe4+ 21.Qxe4 fxe4 22.
hxg5 Rxf3 23.gxh6 Ne8 24.Bxe4 Rf4 25.f3 Bd5 26.Bxd5+ cxd5 27.Rd1 Rxf3 28.
Rh5 Rc8 29.Ke2 Rg3 30.Rg5+ Kh7 31.Rf1 Rc2+ 32.Kd1 Rxb2 33.Kc1 Rxa2 34.Kb1 
Re2 35.Rgf5 Rxg4 36.Rf8 Rxd4 37.R8f7+ Kxh6 38.Rxe7 Rb4+ 39.Kc1 Ra2 40.Rf8 
d4 41.Rfxe8 d3 42.Rh8+ Kg6 43.Rg8+ Kf5 0-1

[Event "EU-chT Seniors 04th"]
[Site "Dresden"]
[Date "2002.02.26"]
[Round "2.2"]
[White "Baumgartner, Heinz"]
[Black "Koksch, Guenther"]
[Result "1/2-1/2"]
[WhiteElo "2337"]
[BlackElo "2168"]
[EventDate "2002.02.25"]
[PlyCount "38"]

1.Nf3 e6 2.g3 f5 3.Bg2 Nf6 4.O-O d6 5.d4 Be7 6.c4 O-O 7.Nc3 a5 8.Qc2 Nc6 
9.a3 e5 10.dxe5 dxe5 11.Rd1 Qe8 12.Nd5 Bd8 13.b3 e4 14.Ng5 h6 15.Nh3 Ne5 
16.Bb2 c6 17.Ne3 Bc7 18.Qc3 Be6 19.f4 Ned7 1/2-1/2

[Event "EU-chT Seniors 04th"]
[Site "Dresden"]
[Date "2002.02.26"]
[Round "2.2"]
[White "Kahn, Manfred"]
[Black "Rudnik, Heinz"]
[Result "0-1"]
[WhiteElo "2171"]
[BlackElo "2052"]
[EventDate "2002.02.25"]
[PlyCount "64"]

1.d4 Nf6 2.Bg5 g6 3.Bxf6 exf6 4.c4 Bg7 5.Nc3 O-O 6.g3 f5 7.e3 c5 8.Nge2 
Nc6 9.Bg2 cxd4 10.exd4 Qb6 11.Nd5 Qa5+ 12.Kf1 d6 13.h4 h5 14.a3 Re8 15.Kg1
Be6 16.Kh2 f4 17.gxf4 Bg4 18.f3 Be6 19.Ne3 Bd7 20.Qd3 Qd8 21.Kg3 Bf6 22.
Rae1 Ne7 23.Nc3 Nf5+ 24.Nxf5 Rxe1 25.Nxd6 Rxh1 26.Bxh1 Bxh4+ 27.Kg2 Qf6 
28.c5 Qxf4 29.Nce4 Bf5 30.Nxb7 Bxe4 31.fxe4 Qf2+ 32.Kh3 g5 0-1

[Event "EU-chT Seniors 04th"]
[Site "Dresden"]
[Date "2002.02.26"]
[Round "2.2"]
[White "Lippitsch, Paul"]
[Black "Gradl, Rudolf"]
[Result "1-0"]
[WhiteElo "1971"]
[BlackElo "1710"]
[EventDate "2002.02.25"]
[PlyCount "131"]

1.e4 c5 2.Nf3 Nc6 3.Bb5 g6 4.Bxc6 bxc6 5.O-O Bg7 6.d3 Nf6 7.c3 O-O 8.Re1 
d6 9.e5 Ng4 10.Bf4 dxe5 11.Nxe5 Nxe5 12.Bxe5 f6 13.Bf4 e5 14.Qb3+ Qd5 15.
Be3 Re8 16.Bxc5 Be6 17.Qxd5 Bxd5 18.Nd2 Rab8 19.b3 a6 20.Rad1 Rbd8 21.d4 
exd4 22.Rxe8+ Rxe8 23.Bxd4 Re6 24.f3 Re8 25.c4 Bf7 26.Kf2 Rd8 27.Be3 f5 
28.Rc1 Bf6 29.c5 g5 30.g3 h6 31.Nc4 Rd3 32.Ke2 Rc3 33.Rxc3 Bxc3 34.Kd3 Bf6
35.f4 Bd5 36.Nd6 Be6 37.Bd4 Be7 38.Nc4 gxf4 39.gxf4 Bd8 40.Be5 Bh4 41.Bd4 
Kf8 42.Ne5 Ke8 43.Nxc6 Bd5 44.Nb4 Bg2 45.Kc4 Kd7 46.c6+ Bxc6 47.Nxa6 Bg2 
48.Nb4 Be7 49.Nd5 Bf1+ 50.Kc3 Bd6 51.Ne3 Bh3 52.Be5 Bxe5+ 53.fxe5 f4 54.
Nd1 f3 55.Nf2 Bf5 56.b4 Kc6 57.a4 Kb6 58.Kd4 Be6 59.Ke4 Bd7 60.a5+ Kb5 61.
Kd5 Bc6+ 62.Kd6 Be8 63.e6 Kxb4 64.a6 Kb5 65.a7 Bc6 66.e7 1-0

[Event "EU-chT Seniors 04th"]
[Site "Dresden"]
[Date "2002.02.26"]
[Round "2.2"]
[White "Mueller, Siegmar"]
[Black "Starke, Burkhard"]
[Result "0-1"]
[WhiteElo "1827"]
[BlackElo "2052"]
[EventDate "2002.02.25"]
[PlyCount "78"]

1.Nc3 d5 2.e4 c6 3.d4 dxe4 4.Nxe4 Nf6 5.Nxf6+ gxf6 6.Nf3 Bf5 7.Bd3 Bg6 8.
Be3 Qb6 9.O-O Qc7 10.Qd2 e6 11.Bf4 Bd6 12.Bxd6 Qxd6 13.Bxg6 hxg6 14.Rfe1 
Kf8 15.Re4 Nd7 16.a3 Kg7 17.Qf4 Qd5 18.b3 b5 19.Rae1 Rac8 20.Nd2 Nb6 21.c3
c5 22.R4e2 c4 23.b4 Qc6 24.Ne4 Nd5 25.Qg3 Rh5 26.Qd6 Nxc3 27.Re3 Nxe4 28.
Qxc6 Rxc6 29.Rxe4 Rd5 30.f4 Rcd6 31.Rd1 e5 32.fxe5 fxe5 33.Rde1 exd4 34.
Re7 Rd7 35.Kf2 Kf6 36.R7e4 Rf5+ 37.Kg3 d3 38.a4 d2 39.Rd1 c3 0-1

[Event "EU-chT Seniors 04th"]
[Site "Dresden"]
[Date "2002.02.26"]
[Round "2.2"]
[White "Nautsch, Werner"]
[Black "Fischer, Ernst"]
[Result "1/2-1/2"]
[WhiteElo "2264"]
[BlackElo "2155"]
[EventDate "2002.02.25"]
[PlyCount "88"]

1.d4 d5 2.c4 Nc6 3.Nc3 Nf6 4.Nf3 Bf5 5.Bg5 Ne4 6.cxd5 Nxc3 7.bxc3 Qxd5 8.
Qb3 Be4 9.Qxd5 Bxd5 10.Nd2 f6 11.e4 Bf7 12.Be3 e6 13.Bb5 Bd6 14.Nc4 O-O 
15.O-O Nd8 16.e5 Be7 17.Ba4 f5 18.f4 a6 19.Na5 Be8 20.Bc2 b6 21.Nb3 Nb7 
22.c4 b5 23.Bd3 c6 24.Rfc1 Bd7 25.cxb5 axb5 26.Bxb5 Ba3 27.Rxc6 Bxc6 28.
Bxc6 Rab8 29.Bd7 Nd8 30.Nc5 Rf7 31.Bxe6 Nxe6 32.Nxe6 Rfb7 33.d5 Rb1+ 34.
Rxb1 Rxb1+ 35.Kf2 Rb8 36.d6 h6 37.Bc5 Kf7 38.Bxa3 Kxe6 39.Kf3 Ra8 40.Bc5 
Rxa2 41.h3 g6 42.Be3 Ra3 43.Ke2 Ra2+ 44.Kf3 Ra3 1/2-1/2